000 00506nam a2200169 4500
001 263
005 20230411085953.0
008 060907n1991 dr spa
035 _9funglode264
041 _aES
100 _aPrieto, Indalecio
245 1 _aCómo y por qué salí del ministerio de defensa nacional :
_bIntrigas de los rusos
260 _aBarcelona :
_bFundación Indalecio Prieto; Planeta,
_c1991
300 _a151 p.
440 _aConvulsiones en España ;
_v7
942 _2lcc
_cbk
999 _c110219
_d110219